000 00305nam a22001337a 4500
008 170221b xxu||||| |||| 00| 0 eng d
020 _a0023447206
041 _aeng
080 _26 ED
_a615
100 _a5
101 _aSHF
245 _aTHE PHARAMCOLOGY BASIC THERAPEUTICS
_cGILMAN.A.G
942 _2udc
_cBK
999 _c5957
_d5957